004980000a2200157000450024500950000050000290009565000130012465000150013765000170015265100610016965300240023004100130025470000240026710000200029177300290031110aAssessment of disc clipping on the survival and behavior of the andean frong Hyla labialis a14aAnfibios14aEtología14aDemografía 4lParque Nacional Natural ChingazadCundinamarcapColombia gHylaeHyla labialis0 aInglés1 aAmézquita, Adolfo1 aLuddecke, Horst1 tCopeiah3q824-830d1999